US Presidents Who Were Former State Governors - Statistics

General Stats
  • This quiz has been taken 71 times
  • The average score is 14 of 17
Answer Stats
State President % Correct
Arkansas Bill Clinton
98%
Georgia Jimmy Carter
96%
California Ronald Reagan
96%
New York Franklin D Roosevelt
92%
Texas George W Bush
92%
New York Theodore Roosevelt
92%
Virginia Thomas Jefferson
84%
New Jersey Woodrow Wilson
84%
Tennessee Andrew Johnson
82%
Virginia James Monroe
75%
New York Grover Cleveland
73%
New York Martin VanBuren
73%
Massachusetts Calvin Coolidge
71%
Tennessee James Polk
71%
Ohio Rutherford B Hayes
71%
Ohio William McKinley
69%
Virginia John Tyler
67%
No matching quizzes found
Score Distribution
Percent of People with Each Score
Percentile by Number Answered
Your Score History
You have not taken this quiz